Bài giảng giải phẫu bệnh đại cương; T2

Wedi'i Gadw mewn:
Manylion Llyfryddiaeth
Prif Awdur: P Dustin
Fformat: Llyfr
Iaith:Undetermined
Cyhoeddwyd: Hà Nội Y học 1981
Pynciau:
Tagiau: Ychwanegu Tag
Dim Tagiau, Byddwch y cyntaf i dagio'r cofnod hwn!
Thư viện lưu trữ: Trung tâm Học liệu Trường Đại học Cần Thơ
LEADER 00516nam a2200181Ia 4500
001 CTU_7535
008 210402s9999 xx 000 0 und d
082 |a 616.07007 
082 |b D976/T2 
100 |a P Dustin 
245 0 |a Bài giảng giải phẫu bệnh đại cương; T2 
245 0 |c P Dustin 
260 |a Hà Nội 
260 |b Y học 
260 |c 1981 
650 |a nutrition,pathology 
904 |i Nguyễn Huỳnh Mai, 960822 
980 |a Trung tâm Học liệu Trường Đại học Cần Thơ